Správa o 46. schôdzi Národnej rady Slovenskej republiky 7. rokovací deň - 29. marca 2001 : 8. rokovací deň - 30. marca 2001 : 9. rokovací deň - 3. apríla 2001 : 2. volebné obdobie 4. časť

Bibliographic Details
Corporate Author: Slovensko. Národná rada (Author)
Format: Book
Language:Slovak
PhysicalDescription:Strana 892-1287 21 cm
Published: Bratislava Organizačný odbor Kancelárie Národnej rady Slovenskej republiky 2002
Subjects:

MARC

LEADER 00000cam a2200000 a 4500
001 vtls001446736
003 SK-MaSNL
005 20260426004702.0
008 240226s2002 xo gr 000 0 slo
015 |a SNBI2003/01-00428 
020 |q (brožované) 
035 |a SNK000401989 
035 |a urn:nbn:sk:snk-am3j0f5 
035 |a 0B388D72-BC95-4C7A-85E9-BDA9419289E7 
035 |a urn:nbn:sk:snk-am00gkrb 
040 |a SNK  |b slo  |c SNK  |e AACR2 
041 0 |a slo 
043 |a e-xo--- 
044 |a xo  |c SK 
072 7 |a 324  |x Voľby, volebné kampane, referendá  |2 konspekt 
080 |a 324:342.53  |2 2011 
080 |a (437.6)  |2 2011 
080 |a 328/329  |2 2011 
080 |a (047)  |2 2011 
110 1 |a Slovensko.  |b Národná rada  |n (46 :  |d 2001 :  |c Bratislava, Slovensko)  |4 aut  |9 465081 
245 1 0 |a Správa o 46. schôdzi Národnej rady Slovenskej republiky  |b 7. rokovací deň - 29. marca 2001 : 8. rokovací deň - 30. marca 2001 : 9. rokovací deň - 3. apríla 2001 : 2. volebné obdobie  |n 4. časť 
260 |a Bratislava  |b Organizačný odbor Kancelárie Národnej rady Slovenskej republiky  |c 2002 
300 |a Strana 892-1287  |c 21 cm 
366 |e 380 kusov 
500 |a Názov z obálky 
650 0 7 |a parlamentné voľby  |2 SNKPH  |9 1623 
650 0 7 |a politika a vláda  |2 SNKPH  |9 3868 
651 7 |a Slovensko  |2 SNKPHgeo  |9 14231 
655 7 |a uznesenia  |2 SNKPH  |9 70216 
655 7 |a správy  |2 SNKPH  |9 70563 
958 |a TL 
958 |a OND 
999 |c 986912  |d 988842 
952 |a SNK  |b SNK  |y PREZ  |7 0  |p 17A0365886  |o snkSC 110212  |i snkKSP 15380/2002  |0 0  |1 0  |4 0  |d 2002-12-18  |f 1  |l 0  |r 2025-09-30 00:00:00  |w 2026-02-24 
952 |a SNK  |b SNK  |y VYP  |7 0  |p 17A0368747  |o snkSC 110212 D1  |i snkKSP 167/2003  |0 0  |1 0  |4 0  |d 2003-01-09  |l 0  |r 2005-01-02 00:00:00  |w 2026-02-24